000 00665nam a2200253 a 4500
001 39776
003 AR-BaAGN
005 20231116145719.0
007 ta
008 220625s2018 ag |||||r|||| ||||||spa d
020 _a978-987-3864-93-3
040 _dAR-BaAGN
_aAR-BaAGN
_bspa
_eaacr
100 1 _aBrangier, Víctor
245 1 0 _aHistoria cultural hoy :
_btrece entradas desde América Latina
250 _a1ª ed.
260 _aRosario :
_bProhistoria,
_c2018.
300 _a348 páginas
336 _2rdacontent
_btxt
337 _2rdamedia
_bn
338 _2rdacarrier
_bnc
650 4 _aHISTORIA DE LA CULTURA
_9944
942 _cLIBRO
999 _c39776
_d39776